[Event "FRA-ch op-C"]
[Site "Nimes"]
[Date "2009.08.12"]
[Round "2"]
[White "Bricquir, Stephane"]
[Black "Frach, Gerald"]
[Result "1-0"]
[WhiteElo "1659"]
[BlackElo "1770"]
[PlyCount "105"]
[EventDate "2009.08.11"]
[EventType "swiss"]
[EventRounds "11"]
[EventCountry "FRA"]
[SourceTitle "EXT 2011"]
[Source "ChessBase"]
[SourceDate "2010.11.26"]
[SourceVersion "1"]
[SourceVersionDate "2010.11.26"]
[SourceQuality "1"]

1. d4 Nf6 2. Nf3 d5 3. c4 e6 4. e3 Be7 5. Bd3 dxc4 6. Bxc4 0-0 7. 0-0 b6 8. Nc3 Bb7 9. a3 c5 10. dxc5 Bxc5 11. b4 Be7 12. Bb2 Nbd7 13. Qe2 Qc7 14. Rac1 Ng4 15. e4 a6 16. h3 Nge5 17. Ba2 Nxf3+ 18. Qxf3 Bg5 19. Rc2 Rac8 20. Qg4 Qf4 21. Qxf4 Bxf4 22. Re2 Be5 23. Na4 Bxb2 24. Nxb2 Nf6 25. Nc4 Bxe4 26. Nxb6 Bd3 27. Nxc8 Bxe2 28. Ne7+ Kh8 29. Rc1 Bb5 30. Bb3 Re8 31. Rc7 g6 32. Nc8 Nd5 33. Bxd5 exd5 34. Nd6 Re1+ 35. Kh2 f5 36. Nxb5 axb5 37. Rb7 Re2 38. Rxb5 d4 39. Rd5 Ra2 40. b5 Rxa3 41. Rxd4 Ra8 42. b6 Rb8 43. Rb4 Kg7 44. b7 Kf7 45. Kg3 g5 46. h4 h6 47. h5 Kf6 48. Kf3 Ke6 49. Ke3 Ke5 50. Rb5+ Ke6 51. Kd4 f4 52. Kc5 Kf5 53. f3 1-0